000 00609nam a2200229Ia 4500
003 OSt
005 20221007074642.0
006 a|||||r|||| 00| 0
007 ta
008 221006b |||||||| |||| 00| 0 eng d
024 _a19,875
037 _cTextual
040 _aFLL
_cFLL
_beng
041 _2eng
_aeng
082 _aD65,8(B):Z2, P3
100 _aRyder Rodney D. Au.
245 0 _aGuide to cyber laws
260 _aNagpur
_bWadhwa and Comp. India
_c2003
300 _alxiv,1510p
_ccm.
942 _hD65,8(B):Z2, P3
_cTEXL
_2CC
999 _c1153217
_d1153217